MARC details
| 000 -LEADER |
| fixed length control field |
04183cam a2200469 i 4500 |
| 001 - CONTROL NUMBER |
| control field |
GVRL81IU |
| 003 - CONTROL NUMBER IDENTIFIER |
| control field |
MiFhGG |
| 005 - DATE AND TIME OF LATEST TRANSACTION |
| control field |
20250820004431.0 |
| 006 - FIXED-LENGTH DATA ELEMENTS--ADDITIONAL MATERIAL CHARACTERISTICS |
| fixed length control field |
m o d |
| 007 - PHYSICAL DESCRIPTION FIXED FIELD--GENERAL INFORMATION |
| fixed length control field |
cr un ---uuuua |
| 008 - FIXED-LENGTH DATA ELEMENTS--GENERAL INFORMATION |
| fixed length control field |
171218t20192019paua ob 001 0 eng d |
| 020 ## - INTERNATIONAL STANDARD BOOK NUMBER |
| International Standard Book Number |
9781522556886 |
| Qualifying information |
(electronic book) |
| 020 ## - INTERNATIONAL STANDARD BOOK NUMBER |
| Canceled/invalid ISBN |
9781522556879 |
| Qualifying information |
(hardcover) |
| 035 ## - SYSTEM CONTROL NUMBER |
| System control number |
(OCoLC)1079937772 |
| 040 ## - CATALOGING SOURCE |
| Original cataloging agency |
MiFhGG |
| Language of cataloging |
eng |
| Transcribing agency |
MiFhGG |
| Description conventions |
rda |
| -- |
pn |
| 050 #4 - LIBRARY OF CONGRESS CALL NUMBER |
| Classification number |
HD60 |
| Item number |
.C74 2019 |
| 245 00 - TITLE STATEMENT |
| Title |
Creating business value and competitive advantage with social entrepreneurship / |
| Statement of responsibility, etc. |
N. Oyku Iyigun, Istanbul Commerce University, Turkey, [editor]. |
| 264 #1 - PRODUCTION, PUBLICATION, DISTRIBUTION, MANUFACTURE, AND COPYRIGHT NOTICE |
| Place of production, publication, distribution, manufacture |
Hershey, Pennsylvania : |
| Name of producer, publisher, distributor, manufacturer |
Business Science Reference, an imprint of IGI Global, |
| Date of production, publication, distribution, manufacture, or copyright notice |
[2019] |
| 264 #4 - PRODUCTION, PUBLICATION, DISTRIBUTION, MANUFACTURE, AND COPYRIGHT NOTICE |
| Date of production, publication, distribution, manufacture, or copyright notice |
�2019 |
| 300 ## - PHYSICAL DESCRIPTION |
| Extent |
1 online resource (xx, 435 pages) : |
| Other physical details |
illustrations (some color). |
| 336 ## - CONTENT TYPE |
| Content type term |
text |
| Content type code |
txt |
| Source |
rdacontent |
| 337 ## - MEDIA TYPE |
| Media type term |
computer |
| Media type code |
c |
| Source |
rdamedia |
| 338 ## - CARRIER TYPE |
| Carrier type term |
online resource |
| Carrier type code |
cr |
| Source |
rdacarrier |
| 490 1# - SERIES STATEMENT |
| Series statement |
Premier reference source |
| 490 0# - SERIES STATEMENT |
| Series statement |
Gale eBooks |
| 490 1# - SERIES STATEMENT |
| Series statement |
Advances in business strategy and competitive advantage (ABSCA) book series |
| 490 0# - SERIES STATEMENT |
| Series statement |
Gale eBooks |
| 504 ## - BIBLIOGRAPHY, ETC. NOTE |
| Bibliography, etc. note |
Includes bibliographical references and index. |
| 505 0# - FORMATTED CONTENTS NOTE |
| Formatted contents note |
ch. 1. Context of social entrepreneurship and background: definitions, related terms and characteristics / N. Oyku Iyigun -- ch. 2. Social value and sociological perspective on social entrepreneurship / Abdullah Yilmaz, Hande Ulukapi Yilmaz -- ch. 3. The social entrepreneur : personality traits and motivation factors in social entrepreneurship / Beliz Ulgen -- ch. 4. The individual and behavioral factors of social entrepreneurs / Mine Afacan Findikli, Ugur Yozgat -- ch. 5. Social innovation and social entrepreneurship / Muhsin F. Bayik -- ch. 6. Lean approach to social entrepreneurship / Adnan Veysel Ertemel -- ch. 7. Creating competitive advantage with social entrepreneurship / Murat Yalcintas -- ch. 8. Human resource management in social entrepreneurship / Burcu Kumbul Guler -- ch. 9. The social expat-preneur : examining a growing international career model supporting global social entrepreneurship / Charles M. Vance, Rebecca Bergin -- ch. 10. Performance measurement in social enterprises : social impact analysis / Ayla Zehra Oncer -- ch. 11. Utilizing social networks in social entrepreneurship / Nuray Atsan -- ch. 12. Social entrepreneurship for sustainable economic growth / Ebru Beyza Bayarcelik, Fulya Tasel -- ch. 13. Social entrepreneurial leadership for a better world / Muge Leyla Yildiz -- ch. 14. Towards cooperative with competitive alliance : insights into performance value in social entrepreneurship / Miftachul Huda [and six others] -- ch. 15. Social entrepreneurship : constraints and suggestions for future researches / Mustafa Karaca, Durdu Mehmet Bickes -- ch. 16. Value creation through social change : an Ashoka Fellow case / Nurgul Keles Taysir -- ch. 17. Public services procurement : third sector social enterprises perspectives / Chi Maher. |
| 520 ## - SUMMARY, ETC. |
| Summary, etc. |
This scholarly resource examines the broad topic of social entrepreneurship by looking at relevant theoretical frameworks and fundamental terms. Focused on topics such as creating business value, promoting social entrepreneurship, and enacting programs of social change, it provides the latest research and practical solutions. For academicians, researchers, entrepreneurship practitioners, and individuals interested in learning more about social entrepreneurship. |
| 588 ## - SOURCE OF DESCRIPTION NOTE |
| Source of description note |
Description based on print version record. |
| 650 #0 - SUBJECT ADDED ENTRY--TOPICAL TERM |
| Topical term or geographic name entry element |
Social entrepreneurship. |
| 650 #0 - SUBJECT ADDED ENTRY--TOPICAL TERM |
| Topical term or geographic name entry element |
Value. |
| 700 1# - ADDED ENTRY--PERSONAL NAME |
| Personal name |
Iyigun, N. Oyku, |
| Dates associated with a name |
1981- |
| Relator term |
editor. |
| 710 2# - ADDED ENTRY--CORPORATE NAME |
| Corporate name or jurisdiction name as entry element |
Gale (Firm) |
| 776 08 - ADDITIONAL PHYSICAL FORM ENTRY |
| Relationship information |
Print version: |
| Title |
Creating business value and competitive advantage with social entrepreneurship. |
| Place, publisher, and date of publication |
Hershey, PA : Business Science Reference, an imprint of IGI Global, [2019] |
| International Standard Book Number |
9781522556879 |
| Record control number |
(DLC) 2017051835 |
| 830 #0 - SERIES ADDED ENTRY--UNIFORM TITLE |
| Uniform title |
Premier reference source. |
| 830 #0 - SERIES ADDED ENTRY--UNIFORM TITLE |
| Uniform title |
Advances in business strategy and competitive advantage. |
| 856 40 - ELECTRONIC LOCATION AND ACCESS |
| Uniform Resource Identifier |
<a href="https://link.gale.com/apps/pub/81IU/GVRL?sid=gale_marc&u=phurs">https://link.gale.com/apps/pub/81IU/GVRL?sid=gale_marc&u=phurs</a> |
| Public note |
Available via Gale eBooks. Click here to access |
| 912 ## - |
| -- |
81IU |
| 942 ## - ADDED ENTRY ELEMENTS (KOHA) |
| Source of classification or shelving scheme |
Library of Congress Classification |
| Koha item type |
E-Book |